Drawings of Rembrandt (Vol.1)
The book gives an excellent idea of Rembrandt's unmatched range, depth, and human sympathy. It includes self-portraits and portraits; sketches of the humdrum activities on Amsterdam's busy streets; beggars and quacks, children at play, women gossiping, or people merely watching the paasing...
Bewaard in:
| Hoofdauteur: | |
|---|---|
| Formaat: | Boek |
| Taal: | Undetermined |
| Gepubliceerd in: |
New York
Dover
|
| Onderwerpen: | |
| Tags: |
Voeg label toe
Geen labels, Wees de eerste die dit record labelt!
|
| Thư viện lưu trữ: | Trung tâm Học liệu Trường Đại học Cần Thơ |
|---|
| LEADER | 01269nam a2200181Ia 4500 | ||
|---|---|---|---|
| 001 | CTU_18583 | ||
| 008 | 210402s9999 xx 000 0 und d | ||
| 082 | |a 759.046092 | ||
| 082 | |b R813/Vol.1 | ||
| 100 | |a Rembrandt, Harmenszoon van Rijn | ||
| 245 | 0 | |a Drawings of Rembrandt (Vol.1) | |
| 245 | 0 | |c Harmenszoon van Rijn Rembrandt (1606-1669) | |
| 260 | |a New York | ||
| 260 | |b Dover | ||
| 520 | |a The book gives an excellent idea of Rembrandt's unmatched range, depth, and human sympathy. It includes self-portraits and portraits; sketches of the humdrum activities on Amsterdam's busy streets; beggars and quacks, children at play, women gossiping, or people merely watching the paasing scene; studies of Jewish types and Orientals; drawings of nudes, birds, domestic animals and captive wild beasts; copies of famous works and art, rare medals and exotic Moghul miniatures; views of towns and architectural monuments; studies of the landscape around Amsterdam and of the spacious Dutch countryside; drawings of episodes from classical mythology, ancient history, and, above all, the Bible | ||
| 650 | |a painting, baroque,painting, dutch,rembrandt harmenszoon van rijn, 1606-1669 | ||
| 904 | |i Minh, 970920 | ||
| 980 | |a Trung tâm Học liệu Trường Đại học Cần Thơ | ||